[Event "Youth Classic 2019 - Youth Open U14"]
[Site "Bad Soden, Hasselgrundhalle"]
[Date "2019.10.03"]
[Round "1.1"]
[White "Klugstedt, Vincent C."]
[Black "Sauer, Daniel"]
[Result "1-0"]
[WhiteElo "1865"]
[BlackElo "1133"]
[PlyCount "37"]
[EventDate "2019.??.??"]
[WhiteTeam "SG Bochum"]
[BlackTeam "Post  Schw. Hall"]

1. d4 d5 2. c4 dxc4 3. e4 Nf6 4. Nc3 Nc6 5. Nf3 Bg4 6. Be3 e6 7. e5 Nd5 8. Bxc4
Bb4 9. Rc1 O-O 10. O-O a6 11. Bd3 f6 12. Qc2 f5 13. Nxd5 exd5 14. Ng5 Qe8 15.
f4 Ba5 16. h3 Bh5 17. Bxf5 Nb4 18. Be6+ Kh8 19. Qxh7# 1-0

[Event "Youth Classic 2019 - Youth Open U14"]
[Site "Bad Soden, Hasselgrundhalle"]
[Date "2019.10.03"]
[Round "1.2"]
[White "Strauß, Florian"]
[Black "Markosyan, Aleksandr"]
[Result "1-0"]
[WhiteElo "1127"]
[BlackElo "1759"]
[PlyCount "97"]
[EventDate "2019.??.??"]
[WhiteTeam "SV Multatuli Ingelheim e.V."]
[BlackTeam "SG Idstein"]

1. e4 c5 2. Nf3 g6 3. c4 Nc6 4. Be2 Bg7 5. Nc3 d6 6. d3 Nf6 7. Bg5 h6 8. Be3
O-O 9. Qd2 Kh7 10. O-O-O a6 11. Rdg1 b5 12. h3 Qa5 13. a3 b4 14. Nb1 Rb8 15. g4
Nd7 16. h4 bxa3 17. Qxa5 axb2+ 18. Kc2 Nxa5 19. h5 gxh5 20. Rxh5 Nf6 21. Rh4
Ng8 22. g5 f6 23. gxh6 Bxh6 24. Bxh6 Nxh6 25. Rgh1 Kg7 26. Rxh6 Kf7 27. Rh7+
Ke8 28. Rh8 Nc6 29. Nfd2 Nd4+ 30. Kd1 a5 31. Bh5+ Kd7 32. Rxf8 a4 33. Bg4+ e6
34. Rh7+ Kc6 35. Ra7 Kb6 36. Rxa4 f5 37. exf5 exf5 38. Be2 Kc7 39. Ra7+ Kb6 40.
Rh7 Ra8 41. Rhh8 Kc7 42. Nf3 Nc6 43. Nh4 f4 44. Bf3 Ra1 45. Rxc8+ Kd7 46. Bxc6+
Ke6 47. Kc2 Ra2 48. Rhf8 f3 49. Rce8# 1-0

[Event "Youth Classic 2019 - Youth Open U14"]
[Site "Bad Soden, Hasselgrundhalle"]
[Date "2019.10.03"]
[Round "1.3"]
[White "Colditz, Elias"]
[Black "Chhajed, Divyam"]
[Result "1-0"]
[WhiteElo "1676"]
[BlackElo "1112"]
[PlyCount "109"]
[EventDate "2019.??.??"]
[WhiteTeam "SV Multatuli Ingelheim e.V."]
[BlackTeam "SK Bickenbach"]

1. e4 c5 2. Nf3 Nc6 3. Bb5 a6 4. Bxc6 dxc6 5. d3 Bg4 6. Be3 e6 7. O-O Qb6 8. b3
Nf6 9. Nbd2 Bd6 10. Nc4 Qc7 11. e5 Nd5 12. Nxd6+ Ke7 13. Bxc5 Kd7 14. Ne4 b6
15. Bd4 c5 16. Bb2 Rhf8 17. h3 Bh5 18. Ng3 Bg6 19. Nh4 Nf4 20. Nxg6 fxg6 21.
Ne4 Qb7 22. f3 Nd5 23. Qd2 h6 24. Ba3 Qc6 25. d4 Kc7 26. dxc5 bxc5 27. Qa5+ Kd7
28. Nxc5+ Kc8 29. Ne4 Rf5 30. Nd6+ Kd7 31. Nxf5 gxf5 32. Qc5 Qxc5+ 33. Bxc5 Rc8
34. b4 a5 35. a3 Nc3 36. Rf2 Nb5 37. Rd1+ Ke8 38. Bb6 axb4 39. axb4 Na3 40. Bc5
g5 41. Rd3 Nc4 42. Rc3 Nxe5 43. Bd4 Rxc3 44. Bxc3 Ng6 45. b5 Kd7 46. Rd2+ Kc7
47. b6+ Kxb6 48. Rd6+ Kc5 49. Rxe6 Nf4 50. Re3 Nd5 51. Rd3 Nf4 52. Kf2 Kc4 53.
Bg7 h5 54. Rd4+ Kc3 55. Rxf4+ 1-0

[Event "Youth Classic 2019 - Youth Open U14"]
[Site "Bad Soden, Hasselgrundhalle"]
[Date "2019.10.03"]
[Round "1.4"]
[White "Riemann, Adrian"]
[Black "Müller, Maurice-Pascal"]
[Result "1-0"]
[WhiteElo "1105"]
[BlackElo "1683"]
[PlyCount "83"]
[EventDate "2019.??.??"]
[WhiteTeam "SK Bickenbach"]
[BlackTeam "SC Landskrone"]

1. d4 Nf6 2. c3 g6 3. e3 Bg7 4. f4 d5 5. Bd3 O-O 6. Nf3 Nbd7 7. O-O c5 8. Ne5
c4 9. Bc2 Ne8 10. Nd2 Nd6 11. Ndf3 Nf6 12. Qe1 Nfe4 13. Nd2 Bf5 14. Nxe4 Bxe4
15. Bxe4 Nxe4 16. Nf3 b5 17. Nd2 Nd6 18. e4 e6 19. e5 Nc8 20. b3 a5 21. a4 b4
22. Bb2 Qc7 23. bxc4 dxc4 24. Ne4 f5 25. Nc5 Re8 26. cxb4 axb4 27. Qxb4 Bf8 28.
Qxc4 Nb6 29. Qc3 Bxc5 30. Qxc5 Qxc5 31. dxc5 Nxa4 32. Bd4 Red8 33. Rfd1 Rdc8
34. Rdc1 Ra6 35. Rc4 Nb6 36. Rxa6 Nxc4 37. Rxe6 Kf7 38. Rf6+ Ke7 39. c6 Na5 40.
Bc5+ Kd8 41. Rf8+ Kc7 42. Bd6+ 1-0

[Event "Youth Classic 2019 - Youth Open U14"]
[Site "Bad Soden, Hasselgrundhalle"]
[Date "2019.10.03"]
[Round "1.5"]
[White "Lehmann, Nils"]
[Black "Tychyna, Margarita"]
[Result "1-0"]
[WhiteElo "1629"]
[BlackElo "1088"]
[PlyCount "61"]
[EventDate "2019.??.??"]
[WhiteTeam "SV Lahn Limburg"]
[BlackTeam "SK Bad Homburg"]

1. e4 e5 2. Nf3 Nc6 3. Bc4 Nf6 4. d3 Bc5 5. c3 Bb6 6. Nbd2 Ng4 7. O-O d6 8. h3
Nf6 9. Re1 O-O 10. Nf1 Nh5 11. Nxe5 Qf6 12. Ng4 Bxg4 13. Qd2 Bxh3 14. gxh3 Ne5
15. Nh2 Nf3+ 16. Nxf3 Qxf3 17. d4 Qxh3 18. Qg5 c5 19. Re3 h6 20. Rxh3 hxg5 21.
Rxh5 cxd4 22. Rxg5 Rfe8 23. Bd5 Re7 24. Bf4 dxc3 25. bxc3 Rd7 26. Kg2 Rc8 27.
c4 Bd4 28. Rh1 g6 29. Rxg6+ Kf8 30. Bxd6+ Ke8 31. Rg8# 1-0

[Event "Youth Classic 2019 - Youth Open U14"]
[Site "Bad Soden, Hasselgrundhalle"]
[Date "2019.10.03"]
[Round "1.6"]
[White "Haller, Andreas"]
[Black "Weyerer, Noah"]
[Result "0-1"]
[WhiteElo "1087"]
[BlackElo "1362"]
[PlyCount "76"]
[EventDate "2019.??.??"]
[WhiteTeam "SC Bad Soden"]
[BlackTeam "SV Oberursel"]

1. e4 d5 2. exd5 Qxd5 3. Nc3 Qd6 4. Nf3 Nf6 5. d4 c6 6. Bc4 Bg4 7. Be3 e6 8. h3
Bxf3 9. Qxf3 Nbd7 10. O-O-O Nb6 11. Bb3 Nbd5 12. Nxd5 Nxd5 13. Rhe1 Be7 14. Qg4
Bf6 15. c4 Nxe3 16. Rxe3 h5 17. Qg3 Qxg3 18. Rxg3 O-O-O 19. d5 Kc7 20. Rgd3 h4
21. d6+ Kb8 22. Ba4 Rh5 23. b4 Rf5 24. f3 Rg5 25. R1d2 Be5 26. Kc2 Bf4 27. Re2
Bxd6 28. c5 Bc7 29. Rxd8+ Bxd8 30. Rd2 Kc7 31. Bb3 Bf6 32. a4 a5 33. bxa5 Rxc5+
34. Kd1 Rxa5 35. Ke2 Re5+ 36. Kf2 Bg5 37. Rc2 Bf4 38. Rc4 Bg3+ 0-1

[Event "Youth Classic 2019 - Youth Open U14"]
[Site "Bad Soden, Hasselgrundhalle"]
[Date "2019.10.03"]
[Round "1.7"]
[White "Lorenz, Alexander"]
[Black "Püschel-Esparza, Mateo"]
[Result "1-0"]
[WhiteElo "1759"]
[BlackElo "1085"]
[PlyCount "63"]
[EventDate "2019.??.??"]
[WhiteTeam "SV Bergwinkel"]
[BlackTeam "SC Landskrone"]

1. e4 c5 2. Nf3 Nc6 3. d4 cxd4 4. Nxd4 g6 5. Nxc6 bxc6 6. Qd4 f6 7. Nc3 Bg7 8.
Bc4 e6 9. O-O d5 10. Bb3 Qa5 11. exd5 exd5 12. Re1+ Ne7 13. Bf4 Qd8 14. Qc5 Kf7
15. Bd6 Bf8 16. Bxe7 Bxe7 17. Qxc6 Bf5 18. Nxd5 Kf8 19. Nxe7 Kg7 20. Nxf5+ gxf5
21. Rad1 Re8 22. Rd7+ Kg6 23. Bf7+ Kg5 24. Rxe8 Qa5 25. f4+ Kxf4 26. Qf3+ Kg5
27. Qg3+ Kh6 28. Qh4+ Kg7 29. Bh5+ Kh6 30. Qf4+ Kxh5 31. Rxh7+ Kg6 32. Qh6# 1-0

[Event "Youth Classic 2019 - Youth Open U14"]
[Site "Bad Soden, Hasselgrundhalle"]
[Date "2019.10.03"]
[Round "1.8"]
[White "Rodermel, Leonie"]
[Black "Hery, Bastian"]
[Result "0-1"]
[WhiteElo "1066"]
[BlackElo "1425"]
[PlyCount "98"]
[EventDate "2019.??.??"]
[WhiteTeam "SV Oberursel"]
[BlackTeam "Vorw.Orient Mainz"]

1. e4 e5 2. Nf3 Nc6 3. Nc3 Nf6 4. Bb5 Bc5 5. O-O d6 6. h3 Bd7 7. d3 Qe7 8. Bg5
h6 9. Nd5 Qd8 10. Nxf6+ gxf6 11. Bd2 Qc8 12. Bxc6 Bxc6 13. Kh1 Bd7 14. Qe2 Bxh3
15. gxh3 Qxh3+ 16. Nh2 Rg8 17. Rg1 Ke7 18. Rxg8 Rxg8 19. Rg1 Rxg1+ 20. Kxg1
Qg3+ 21. Kh1 Bxf2 22. Qf1 h5 23. Qg2 Qh4 24. c3 Ke6 25. Qf3 Bg3 26. Qg2 c6 27.
Be3 b6 28. Kg1 Bxh2+ 29. Qxh2 Qe1+ 30. Kg2 Qxe3 31. Qh3+ Qxh3+ 32. Kxh3 f5 33.
exf5+ Kxf5 34. Kh4 Kg6 35. Kg3 Kg5 36. b3 f5 37. Kf3 h4 38. a3 d5 39. b4 e4+
40. dxe4 fxe4+ 41. Kf2 h3 42. Kg3 e3 43. Kxh3 e2 44. Kg3 e1=Q+ 45. Kf3 Qe4+ 46.
Kf2 Qd3 47. Ke1 Qc2 48. a4 Kf4 49. Kf1 Kf3 0-1

[Event "Youth Classic 2019 - Youth Open U14"]
[Site "Bad Soden, Hasselgrundhalle"]
[Date "2019.10.03"]
[Round "1.9"]
[White "Eull, Emil"]
[Black "Tobias, Karolin"]
[Result "1-0"]
[WhiteElo "1504"]
[BlackElo "1261"]
[PlyCount "63"]
[EventDate "2019.??.??"]
[WhiteTeam "SF Neuberg"]
[BlackTeam "SV Oberursel"]

1. e4 e5 2. Nf3 Nc6 3. d4 exd4 4. Bc4 Nf6 5. e5 Ng4 6. O-O Bc5 7. c3 dxc3 8.
Bxf7+ Kf8 9. Qd5 Qe7 10. Bh5 Nh6 11. Bg5 Qe6 12. Qxc5+ Kg8 13. Nxc3 Nf7 14.
Bxf7+ Qxf7 15. Qd5 b6 16. Qxf7+ Kxf7 17. Rad1 Re8 18. Rfe1 Kg8 19. Nd5 Rf8 20.
Nxc7 Rb8 21. e6 dxe6 22. Nxe6 Re8 23. Ned4 Rxe1+ 24. Rxe1 Bb7 25. Nxc6 Bxc6 26.
Nd4 Bb7 27. f3 Rc8 28. Re7 Bd5 29. Nf5 Kf8 30. Rxg7 Be6 31. Be7+ Ke8 32. Nd6+
1-0

[Event "Youth Classic 2019 - Youth Open U14"]
[Site "Bad Soden, Hasselgrundhalle"]
[Date "2019.10.03"]
[Round "1.10"]
[White "Radutny, Alexej"]
[Black "Welker, Alexandra"]
[Result "0-1"]
[WhiteElo "1023"]
[BlackElo "1441"]
[PlyCount "68"]
[EventDate "2019.??.??"]
[WhiteTeam "SK Bad Homburg"]
[BlackTeam "TuS Makkabi"]

1. e4 c6 2. d4 d5 3. exd5 cxd5 4. Nc3 Nf6 5. Bf4 a6 6. Nf3 Bf5 7. g3 e6 8. Bg2
Nc6 9. O-O Bd6 10. Ne2 O-O 11. c3 Qc7 12. Re1 Ne4 13. Nh4 Bxf4 14. Nxf4 Nd6 15.
Nxf5 Nxf5 16. Bh3 Nd6 17. Bxe6 fxe6 18. Nxe6 Qf7 19. Nxf8 Rxf8 20. f4 Qg6 21.
Qf3 Ne4 22. Rad1 Ne7 23. Rf1 b5 24. a3 h5 25. Rd3 Nf5 26. h3 Nfxg3 27. Re1 Ne2+
28. Kf1 N4g3+ 29. Kf2 Rxf4 30. Rxe2 Rxf3+ 31. Rxf3 Ne4+ 32. Ke1 Qg1+ 33. Rf1
Qg3+ 34. Kd1 Qd3+ 0-1

[Event "Youth Classic 2019 - Youth Open U14"]
[Site "Bad Soden, Hasselgrundhalle"]
[Date "2019.10.03"]
[Round "1.11"]
[White "Burkart, Lloyd Shang"]
[Black "Stehning, Michel"]
[Result "1-0"]
[WhiteElo "1399"]
[BlackElo "1020"]
[PlyCount "67"]
[EventDate "2019.??.??"]
[WhiteTeam "TuS Makkabi"]
[BlackTeam "SF Braunfels"]

1. d4 d5 2. c4 dxc4 3. e4 Nc6 4. Nf3 e6 5. Bxc4 Bb4+ 6. Nc3 Nf6 7. Qd3 O-O 8.
O-O a6 9. Bg5 b5 10. Bb3 h6 11. Bh4 Bb7 12. e5 Be7 13. exf6 Bxf6 14. Bxf6 Qxf6
15. Bc2 Qg6 16. Qxg6 fxg6 17. Bxg6 Ne7 18. Bh5 b4 19. Na4 Rf5 20. Bg4 Rf6 21.
Nc5 Bd5 22. Rfe1 Kf7 23. Re3 Nc6 24. Rae1 Re8 25. Ne5+ Kf8 26. Ned7+ Kf7 27.
Nxf6 gxf6 28. Bh5+ Kf8 29. Bxe8 Kxe8 30. Nxe6 Kf7 31. Nxc7 h5 32. Nxd5 Nxd4 33.
Rf3 Nxf3+ 34. gxf3 1-0

[Event "Youth Classic 2019 - Youth Open U14"]
[Site "Bad Soden, Hasselgrundhalle"]
[Date "2019.10.03"]
[Round "1.12"]
[White "Li, Toplink"]
[Black "Trenz, Finn"]
[Result "1/2-1/2"]
[WhiteElo "987"]
[BlackElo "1471"]
[PlyCount "41"]
[EventDate "2019.??.??"]
[WhiteTeam "Frankfurter TV"]
[BlackTeam "SK Gau-Algesheim"]

1. e4 e5 2. Nf3 Nc6 3. d4 exd4 4. Nxd4 Nf6 5. Nc3 Bb4 6. Nxc6 dxc6 7. Qxd8+
Kxd8 8. Bg5 Ke7 9. O-O-O Bxc3 10. bxc3 Ke8 11. Bd3 Be6 12. f4 h6 13. Bxf6 gxf6
14. c4 Rg8 15. g3 Rb8 16. f5 Bd7 17. Rhe1 b5 18. c5 Rg5 19. Re3 Rd8 20. h4 Rg8
21. Rde1 1/2-1/2

[Event "Youth Classic 2019 - Youth Open U14"]
[Site "Bad Soden, Hasselgrundhalle"]
[Date "2019.10.03"]
[Round "1.13"]
[White "Schmid, Leon"]
[Black "Sadri, Adrian"]
[Result "1-0"]
[WhiteElo "1546"]
[BlackElo "1243"]
[PlyCount "59"]
[EventDate "2019.??.??"]
[WhiteTeam "SF Heidesheim"]
[BlackTeam "SC Bad Soden"]

1. d4 d5 2. Bf4 Nc6 3. e3 Bf5 4. Bd3 Bxd3 5. Qxd3 f6 6. Nf3 e5 7. dxe5 fxe5 8.
Nxe5 Nxe5 9. Bxe5 Qg5 10. Qxd5 c6 11. Qe6+ Ne7 12. Bg3 Qb5 13. Qb3 Qxb3 14.
axb3 Nd5 15. O-O O-O-O 16. Rxa7 Bc5 17. Ra1 Nf6 18. Nc3 Rd2 19. Ra8+ Kd7 20.
Rxh8 Rxc2 21. Rd1+ Ke6 22. h3 Rxb2 23. Na4 Rc2 24. Nxc5+ Rxc5 25. Rd6+ Kf5 26.
Bf4 Ne4 27. Rf8+ Nf6 28. f3 Rc1+ 29. Kh2 g5 30. Rfxf6# 1-0

[Event "Youth Classic 2019 - Youth Open U14"]
[Site "Bad Soden, Hasselgrundhalle"]
[Date "2019.10.03"]
[Round "1.14"]
[White "Jiang, Philipp"]
[Black "Goetz, Fenja"]
[Result "0-1"]
[WhiteElo "915"]
[BlackElo "1490"]
[PlyCount "50"]
[EventDate "2019.??.??"]
[WhiteTeam "SV Frankfurt Nord"]
[BlackTeam "SK Bad Homburg"]

1. c4 e5 2. Nc3 Nf6 3. g3 Nc6 4. Bg2 Bc5 5. e3 O-O 6. Nge2 Re8 7. O-O d6 8. d4
exd4 9. exd4 Bb6 10. Re1 Bf5 11. Bg5 h6 12. Be3 Nb4 13. Bxb7 Rb8 14. Bg2 Nc2
15. Rc1 Nxe1 16. Qxe1 Ng4 17. Bf4 Bxd4 18. Nxd4 Rxe1+ 19. Rxe1 Bd7 20. Bh3 Rxb2
21. f3 Nf6 22. Bf1 Qb8 23. Bd3 Qb4 24. Nd5 Qxe1+ 25. Bf1 Qf2+ 0-1

[Event "Youth Classic 2019 - Youth Open U14"]
[Site "Bad Soden, Hasselgrundhalle"]
[Date "2019.10.03"]
[Round "1.15"]
[White "Gold, Jan Christian"]
[Black "Chen, Marvin"]
[Result "1-0"]
[WhiteElo "1430"]
[BlackElo "914"]
[PlyCount "65"]
[EventDate "2019.??.??"]
[WhiteTeam "Hamburger SK"]
[BlackTeam "SC Bad Soden"]

1. d4 d5 2. c4 Nf6 3. Nc3 e6 4. Nf3 Bb4 5. Bg5 h6 6. Bh4 c5 7. dxc5 Qa5 8. Bxf6
gxf6 9. Qd4 Nc6 10. Qxf6 Bxc3+ 11. Qxc3 Qxc3+ 12. bxc3 dxc4 13. e4 b5 14. cxb6
axb6 15. Bxc4 Rg8 16. O-O Ra4 17. Bb5 Ra3 18. Ne5 Bb7 19. Nxc6 Rg5 20. Na5+
Rxb5 21. Nxb7 Ke7 22. Rfd1 Ra7 23. Nd6 Rc5 24. f4 Rd7 25. e5 Rxc3 26. Ne4 Rc4
27. Nf6 Ra7 28. Rd2 Rxf4 29. Rad1 h5 30. Rd7+ Rxd7 31. Rxd7+ Kf8 32. Rd8+ Kg7
33. Nxh5+ 1-0

[Event "Youth Classic 2019 - Youth Open U14"]
[Site "Bad Soden, Hasselgrundhalle"]
[Date "2019.10.03"]
[Round "1.16"]
[White "Sirohi, Varun"]
[Black "Fischer, Juliane"]
[Result "0-1"]
[WhiteElo "894"]
[BlackElo "1405"]
[PlyCount "122"]
[EventDate "2019.??.??"]
[WhiteTeam "Schachforum Darmstadt"]
[BlackTeam "SK Gernsheim"]

1. e4 e5 2. Nf3 Nc6 3. Bc4 Bc5 4. c3 Nf6 5. d3 h6 6. Be3 Bb6 7. Bxb6 axb6 8.
Bb3 d6 9. h3 O-O 10. Nbd2 Qe7 11. O-O Be6 12. Re1 d5 13. exd5 Bxd5 14. c4 Bxf3
15. Nxf3 Qd6 16. a3 Rad8 17. Re3 Nh5 18. Bc2 Nf4 19. Kh2 Nxd3 20. Kg1 Nxb2 21.
Qxd6 Rxd6 22. Bb3 Nd3 23. Rd1 Rfd8 24. Ba4 f6 25. Bb5 Na5 26. Rd2 Nc5 27. Rc2
Rd3 28. Rc3 Rxe3 29. Rxe3 c6 30. Bxc6 bxc6 31. Rc3 Ne4 32. Rc1 Nd2 33. Kh2
Nxf3+ 34. gxf3 Rd3 35. c5 b5 36. Kg3 Rxa3 37. Rd1 e4 38. Kg4 Rxf3 39. Rd4 f5+
40. Kh5 Rxh3+ 41. Kg6 Rd3 42. Rd6 Rxd6+ 43. cxd6 Nb7 44. d7 Kf8 45. Kxf5 Ke7
46. Kxe4 Kxd7 47. f4 b4 48. Kf5 Nd6+ 49. Kg6 Ne8 50. Kh7 b3 51. Kg6 b2 52. f5
b1=Q 53. Kh7 Qxf5+ 54. Kh8 Qf8+ 55. Kh7 Nf6+ 56. Kg6 h5 57. Kf5 Nd5+ 58. Kg6
Qf6+ 59. Kh7 Qh6+ 60. Kg8 Ne7+ 61. Kf7 Qf6# 0-1

[Event "Youth Classic 2019 - Youth Open U14"]
[Site "Bad Soden, Hasselgrundhalle"]
[Date "2019.10.03"]
[Round "1.17"]
[White "Middendorf, Sven-Jonas"]
[Black "Bernig Le Duigou, Vincent"]
[Result "1-0"]
[WhiteElo "1382"]
[BlackElo "1222"]
[PlyCount "115"]
[EventDate "2019.??.??"]
[WhiteTeam "SV Hellas Nauen"]
[BlackTeam "SV Oberursel"]

1. e4 e5 2. Nf3 Nc6 3. Bb5 d6 4. O-O Bd7 5. c3 a6 6. Ba4 Nf6 7. Re1 g6 8. d4
exd4 9. cxd4 Be7 10. Bg5 O-O 11. d5 Ne5 12. Nxe5 dxe5 13. Bxf6 Bxf6 14. Bxd7
Qxd7 15. Qf3 Qd6 16. Nc3 Be7 17. a3 Qb6 18. b4 c5 19. Na4 Qb5 20. Nxc5 Bxc5 21.
bxc5 Qxc5 22. Qf6 Rfe8 23. Red1 Qe7 24. Qb6 Rab8 25. d6 Qd8 26. Qc7 Qxc7 27.
dxc7 Rbc8 28. Rd7 Kg7 29. Rad1 Rf8 30. R1d6 Ra8 31. Rd8 Rc8 32. R8d7 Ra8 33.
Rb6 Rac8 34. Rxb7 h5 35. h4 a5 36. a4 Rg8 37. g3 Rgf8 38. Ra7 Kf6 39. Ra6+ Kg7
40. Rxa5 Rfe8 41. Ra7 Kf6 42. Rd6+ Ke7 43. Rb6 Kd7 44. Rb8 Re7 45. Rxc8 Kxc8
46. Ra8+ Kxc7 47. Ra7+ Kd6 48. Rxe7 Kxe7 49. f4 f6 50. f5 gxf5 51. exf5 Kd6 52.
g4 hxg4 53. h5 e4 54. h6 e3 55. h7 g3 56. h8=Q e2 57. Qxf6+ Kc5 58. Qe5+ 1-0

[Event "Youth Classic 2019 - Youth Open U14"]
[Site "Bad Soden, Hasselgrundhalle"]
[Date "2019.10.03"]
[Round "1.18"]
[White "Fischer, Frederik"]
[Black "Nedilko, Marko"]
[Result "0-1"]
[WhiteElo "878"]
[BlackElo "1407"]
[PlyCount "116"]
[EventDate "2019.??.??"]
[WhiteTeam "SV Oberursel"]
[BlackTeam "SC ML Kastellaun"]

1. e4 g6 2. d4 Bg7 3. Nf3 d6 4. b3 c5 5. Bb2 Nc6 6. Bb5 Bd7 7. Nbd2 Nxd4 8.
Bxd7+ Qxd7 9. Nxd4 cxd4 10. Nf3 e5 11. c3 dxc3 12. Bxc3 Nf6 13. Qd3 O-O 14. Rd1
Rfd8 15. O-O Rac8 16. Bb2 Qe7 17. Ba3 Bf8 18. Rd2 Qe6 19. Rfd1 d5 20. Bxf8 Kxf8
21. exd5 Rxd5 22. Ng5 Qg4 23. Nxh7+ Kg7 24. Nxf6 Rxd3 25. Nxg4 Rxd2 26. Rf1 e4
27. h3 f5 28. Ne5 Kf6 29. Nc4 Rxa2 30. Nd6 Rc6 31. Nxb7 Rb6 32. Nc5 Rc6 33.
Nd7+ Ke7 34. Ne5 Rc5 35. Nxg6+ Kf6 36. Nf4 Rb2 37. Ra1 a5 38. Nh5+ Ke5 39. f4+
exf3 40. Re1+ Re2 41. Rxe2+ fxe2 42. Kf2 Rc2 43. Ng3 e1=Q+ 44. Kxe1 Rxg2 45.
Nf1 Rg8 46. Kf2 Kd4 47. Ng3 Kc3 48. Nxf5 Rf8 49. Kg3 Rxf5 50. Kg4 Rf8 51. h4
Kxb3 52. h5 a4 53. h6 a3 54. Kg5 a2 55. Kg6 a1=Q 56. h7 Qg1+ 57. Kh6 Rh8 58.
Kh5 Rxh7# 0-1

[Event "Youth Classic 2019 - Youth Open U14"]
[Site "Bad Soden, Hasselgrundhalle"]
[Date "2019.10.03"]
[Round "1.19"]
[White "Miranda Martin, Pablo Mateo"]
[Black "Vucinec, Myla"]
[Result "1-0"]
[WhiteElo "1606"]
[BlackElo "876"]
[PlyCount "143"]
[EventDate "2019.??.??"]
[WhiteTeam "SK Gau-Algesheim"]
[BlackTeam "Sfr. Kelkheim"]

1. d4 d5 2. c4 c6 3. Nc3 Nf6 4. Nf3 Bf5 5. Bf4 e6 6. e3 Bb4 7. a3 Bxc3+ 8. bxc3
Nbd7 9. Bd3 c5 10. Bxf5 exf5 11. O-O Ne4 12. Qb3 Nb6 13. Qb5+ Nd7 14. Rfc1 a6
15. Qxb7 dxc4 16. Qd5 Nef6 17. Qxf5 cxd4 18. exd4 O-O 19. Bg5 Re8 20. Re1 Rb8
21. Rxe8+ Qxe8 22. Rb1 Rxb1+ 23. Qxb1 h6 24. Bh4 Qe2 25. h3 Ne4 26. Qb7 Ndf6
27. Bxf6 Qxf2+ 28. Kh2 Nxf6 29. Qc8+ Kh7 30. Qxc4 Nh5 31. Qxf7 Qg3+ 32. Kg1 Nf4
33. Qf5+ Kg8 34. Qg4 Ne2+ 35. Kf1 Qxg4 36. hxg4 Nxc3 37. Kf2 Kf7 38. Ke3 Nd5+
39. Ke4 Nf6+ 40. Kf4 Ke6 41. g5 hxg5+ 42. Kxg5 a5 43. Kg6 Ne8 44. g4 a4 45. g5
Kd5 46. Kf7 Nd6+ 47. Kxg7 Nc4 48. Kf8 Nxa3 49. g6 Nc2 50. g7 Ke4 51. g8=Q Kxf3
52. Qd5+ Ke3 53. Qa2 Nxd4 54. Qxa4 Ke4 55. Ke7 Kd5 56. Qa2+ Ke4 57. Kf6 Kd3 58.
Qd5 Kc3 59. Kg5 Nc2 60. Kf4 Nb4 61. Qd7 Kc4 62. Qd6 Nd3+ 63. Ke4 Nc5+ 64. Ke3
Nd3 65. Qxd3+ Kc5 66. Ke4 Kb4 67. Qc2 Kb5 68. Kd5 Kb6 69. Qc3 Kb5 70. Qb3+ Ka5
71. Kc5 Ka6 72. Qb6# 1-0

[Event "Youth Classic 2019 - Youth Open U14"]
[Site "Bad Soden, Hasselgrundhalle"]
[Date "2019.10.03"]
[Round "1.20"]
[White "Munteanu, Rares"]
[Black "Atar, Efecan"]
[Result "0-1"]
[WhiteElo "871"]
[BlackElo "1417"]
[PlyCount "92"]
[EventDate "2019.??.??"]
[WhiteTeam "SK Bickenbach"]
[BlackTeam "SK Kerpen"]

{[%evp 0,55,19,38,25,7,30,27,23,18,24,5,14,9,18,18,18,14,16,-20,25,-64,-52,-85,
-92,-96,-92,-110,-99,-100,-61,-66,31,-86,23,-88,-86,-111,-86,-150,-53,-80,10,
-69,-85,-90,-95,-139,-97,-373,138,-456,-452,-593,-446,-550,-553,-574]} 1. e4 e5
2. Nf3 Nc6 3. Bc4 Nf6 4. Nc3 Bc5 5. d3 O-O 6. Bg5 Be7 7. O-O d6 8. h3 Be6 9.
Bb5 Qd7 10. g4 h5 11. Nh2 hxg4 12. Bxf6 Bxf6 13. Nxg4 Bg5 14. Kh1 Kh7 15. Rg1
Rh8 16. Nd5 Bxg4 17. hxg4 Kg8+ 18. Kg2 Rh4 19. f3 a6 20. Bxc6 Qxc6 21. Rh1 Rxh1
22. Kxh1 Qc5 23. c4 c6 24. Nc7 Rc8 25. Ne6 fxe6 26. a3 d5 27. b4 Qd4 28. Rb1
Rd8 29. a4 dxc4 30. b5 Qxd3 31. Qxd3 cxd3 32. bxa6 bxa6 33. Rd1 d2 34. Kh2 Rd3
35. Kg2 Rc3 36. Kf2 Rc1 37. Ke2 a5 38. f4 Bxf4 39. Rf1 Rxf1 40. Kxf1 d1=R+ 41.
Kg2 Bg3 42. Kxg3 g5 43. Kh3 Kf7 44. Kg3 Ke7 45. Kf3 Rd3+ 46. Kg2 Kd6 0-1

[Event "Youth Classic 2019 - Youth Open U14"]
[Site "Bad Soden, Hasselgrundhalle"]
[Date "2019.10.03"]
[Round "1.21"]
[White "Alt, Johannes"]
[Black "Müller, Mirelle-Fabienne"]
[Result "1-0"]
[WhiteElo "1200"]
[BlackElo "870"]
[PlyCount "65"]
[EventDate "2019.??.??"]
[WhiteTeam "SF Heidesheim"]
[BlackTeam "SC Landskrone"]

1. d4 d5 2. c4 Nf6 3. Nf3 Bf5 4. Bg5 Nc6 5. e3 e6 6. Nc3 Be7 7. Qb3 Rb8 8. Bxf6
Bxf6 9. cxd5 exd5 10. Nxd5 Be4 11. Nxf6+ Qxf6 12. Nd2 Na5 13. Nxe4 Qe6 14.
Qxe6+ fxe6 15. Rc1 c6 16. b4 c5 17. bxa5 cxd4 18. exd4 O-O 19. Bc4 Rfc8 20.
Bxe6+ Kh8 21. Rxc8+ Rxc8 22. Bxc8 b5 23. O-O b4 24. Be6 b3 25. Rc1 h6 26. Rc8+
Kh7 27. Bf5+ g6 28. Be6 b2 29. Rb8 b1=Q+ 30. Rxb1 a6 31. Rb7+ Kh8 32. Nf6 g5
33. Rh7# 1-0

[Event "Youth Classic 2019 - Youth Open U14"]
[Site "Bad Soden, Hasselgrundhalle"]
[Date "2019.10.03"]
[Round "1.22"]
[White "Kramer, Theodor"]
[Black "Özyar, Arin"]
[Result "0-1"]
[WhiteElo "862"]
[BlackElo "1345"]
[PlyCount "72"]
[EventDate "2019.??.??"]
[WhiteTeam "SC Bad Soden"]
[BlackTeam "SC Bad Soden"]

1. e4 e5 2. Nf3 Nc6 3. Bc4 Bc5 4. Nc3 Nf6 5. d3 d6 6. h3 Be6 7. Bxe6 fxe6 8.
Be3 Nd4 9. Qd2 O-O 10. Ne2 Nxf3+ 11. gxf3 Bxe3 12. Qxe3 Nh5 13. Nc3 Nf4 14.
O-O-O Qd7 15. Rdg1 a5 16. Ne2 a4 17. Nxf4 exf4 18. Qd4 e5 19. Qd5+ Kh8 20. Qxb7
Rfb8 21. Qd5 c6 22. Qc4 d5 23. exd5 cxd5 24. Qc3 d4 25. Qc5 Rb5 26. Qa3 Qb7 27.
Kb1 Rb8 28. b3 axb3 29. axb3 Ra8 30. Qb2 Rba5 31. c3 dxc3 32. Qxc3 Qa7 33. Rc1
Ra1+ 34. Kc2 Qa2+ 35. Qb2 Rc8+ 36. Kd2 Qxb2+ 0-1

[Event "Youth Classic 2019 - Youth Open U14"]
[Site "Bad Soden, Hasselgrundhalle"]
[Date "2019.10.03"]
[Round "1.23"]
[White "Negru, Maximilian"]
[Black "Novoselov, Mikhail"]
[Result "1-0"]
[WhiteElo "1326"]
[BlackElo "825"]
[PlyCount "39"]
[EventDate "2019.??.??"]
[WhiteTeam "SK Bad Homburg"]
[BlackTeam "SK Bad Homburg"]

1. e4 e5 2. Nf3 Nc6 3. Bc4 Bc5 4. d3 Nf6 5. Nc3 O-O 6. Bg5 h6 7. Bh4 Na5 8. Nd5
Nxc4 9. dxc4 c6 10. Nxf6+ gxf6 11. Qd2 d6 12. Qxh6 Bf5 13. Bxf6 Qxf6 14. Qxf6
Kh7 15. Ng5+ Kg8 16. Qxf5 Bb4+ 17. c3 Bxc3+ 18. bxc3 Rfe8 19. Qh7+ Kf8 20.
Qxf7# 1-0

[Event "Youth Classic 2019 - Youth Open U14"]
[Site "Bad Soden, Hasselgrundhalle"]
[Date "2019.10.03"]
[Round "1.24"]
[White "Geyer, Vincent"]
[Black "Haller, Christian"]
[Result "0-1"]
[WhiteElo "823"]
[BlackElo "1325"]
[PlyCount "72"]
[EventDate "2019.??.??"]
[WhiteTeam "Europäische Schule Rhein-Main"]
[BlackTeam "SC Bad Soden"]

1. e4 e5 2. Nf3 Nc6 3. Nc3 Nf6 4. d4 exd4 5. Ne2 Nxe4 6. Nexd4 Nxd4 7. Nxd4 Nf6
8. Qe2+ Qe7 9. Nf5 Qxe2+ 10. Bxe2 d5 11. O-O Bxf5 12. Bb5+ c6 13. Bd3 Bxd3 14.
cxd3 O-O-O 15. a4 Bc5 16. d4 Bxd4 17. b3 Bxa1 18. Bf4 Bc3 19. h3 Rhe8 20. b4
Bxb4 21. Be3 Kc7 22. Bxa7 b6 23. a5 Bxa5 24. Bxb6+ Bxb6 25. Kh1 Re7 26. Kg1
Rde8 27. g3 Re1 28. h4 Rxf1+ 29. Kxf1 d4 30. f3 d3 31. g4 d2 32. h5 d1=Q+ 33.
Kg2 Qg1+ 34. Kh3 Re2 35. Kh4 h6 36. g5 Rh2# 0-1